| 000 | 00433nam a22001457a 4500 | ||
|---|---|---|---|
| 005 | 20250223172207.0 | ||
| 008 | 250223b |||||||| |||| 00| 0 eng d | ||
| 020 | _a9780721660967 | ||
| 050 |
_aRL71 _b.D458 |
||
| 245 |
_aPrimary Care Dermatology/ _cKenneth A. Arndt...et al., |
||
| 260 |
_aPhiladelphia _bW. B. Saunders Company _c1997 |
||
| 300 |
_axiv. 296p. _bill. some color _c25cm |
||
| 700 | _aArndt, Kenneth A. | ||
| 942 |
_2lcc _cBK _n0 |
||
| 999 |
_c4219 _d4219 |
||